000 00523nam a22001697a 4500
005 20240508100223.0
008 240508b |||||||| |||| 00| 0 eng d
020 _a978-0-470-14756-6
082 _a005.1
_bMCC-N
100 _aMcCarthy, Tim
245 _a.Net Domain-Driven Design with C#/
_bProblem-Design-Solution/
_cTim McCarthy
260 _aIndiana;
_bWiley Publishing, Inc;
_c2008.
300 _axxi,408 p.:
_bill;
_c23 cm.
500 _aInclude index.
650 _aComputer Science/Computer Programming
999 _c35715
_d35715